[Event "Goch op 27th"]
[Site "Goch"]
[Date "2016.09.04"]
[Round "6"]
[White "Sarcevic, Ivo"]
[Black "Sriramagiri, Sagar"]
[Result "1/2-1/2"]
[WhiteElo "1660"]
[BlackElo "1572"]
[PlyCount "78"]
[EventDate "2016.09.01"]
[EventType "swiss"]
[EventRounds "7"]
[EventCountry "GER"]
[SourceTitle "EXT 2018"]
[Source "ChessBase"]
[SourceDate "2017.10.13"]
[SourceVersion "1"]
[SourceVersionDate "2017.10.13"]
[SourceQuality "1"]

1. e4 c6 2. d4 d5 3. Nc3 dxe4 4. Nxe4 Bf5 5. Nc3 e6 6. Bd3 Bxd3 7. Qxd3 Nf6 8. Bg5 Be7 9. Nf3 Nbd7 10. 0-0 0-0 11. a3 c5 12. d5 exd5 13. Nxd5 Nxd5 14. Qxd5 Bxg5 15. Nxg5 Qc7 16. Nf3 Rad8 17. b4 c4 18. c3 Nf6 19. Qc5 Qxc5 20. bxc5 Ne4 21. Rab1 Nxc5 22. Ne5 Rd2 23. Nxc4 Rc2 24. Rfc1 Ra2 25. Rb2 Rxb2 26. Nxb2 Rd8 27. f3 b5 28. Re1 f6 29. c4 Rd2 30. Rb1 bxc4 31. Nxc4 Rc2 32. Nd6 Kf8 33. Rb8+ Ke7 34. Nc8+ Kf7 35. Nxa7 Nd3 36. h3 Nf4 37. g4 Nxh3+ 38. Kh1 Nf2+ 39. Kg1 Nh3+ 1/2-1/2

[Event "Goch op 27th"]
[Site "Goch"]
[Date "2016.09.03"]
[Round "4"]
[White "Sarcevic, Ivo"]
[Black "Fallier, Alfred"]
[Result "1-0"]
[WhiteElo "1660"]
[BlackElo "1373"]
[PlyCount "91"]
[EventDate "2016.09.01"]
[EventType "swiss"]
[EventRounds "7"]
[EventCountry "GER"]
[SourceTitle "EXT 2018"]
[Source "ChessBase"]
[SourceDate "2017.10.13"]
[SourceVersion "1"]
[SourceVersionDate "2017.10.13"]
[SourceQuality "1"]

1. e4 e5 2. Nf3 Nc6 3. d4 d6 4. Bc4 Bg4 5. Qd3 Qe7 6. 0-0 0-0-0 7. a3 h6 8. Nc3 Bxf3 9. Qxf3 Nxd4 10. Qd1 c6 11. f3 g5 12. Ne2 Bg7 13. c3 Ne6 14. Ng3 Qc7 15. Nf5 Bf6 16. Qb3 Nc5 17. Qa2 Rh7 18. b4 Na4 19. Qb3 b5 20. Be2 d5 21. c4 Qb6+ 22. Kh1 Ne7 23. c5 Nxc5 24. bxc5 Qxc5 25. Nxe7+ Bxe7 26. Bd2 Qb6 27. exd5 Rxd5 28. Be3 Bc5 29. Bxc5 Rxc5 30. Qd3 Rh8 31. Qf5+ Kb8 32. Qxf7 Rd8 33. Qf6 Rd2 34. Rfe1 Kb7 35. Qxh6 Rcc2 36. Qh7+ Ka6 37. Qe4 Qc5 38. a4 Kb6 39. axb5 cxb5 40. Rab1 a6 41. Qg6+ Kc7 42. Qxa6 Rxe2 43. Qa5+ Kd6 44. Red1+ Ke6 45. Qa6+ Kf5 46. g4+ 1-0

[Event "Goch op 27th"]
[Site "Goch"]
[Date "2016.09.02"]
[Round "3"]
[White "Thevessen, Hubert"]
[Black "Sarcevic, Ivo"]
[Result "1-0"]
[WhiteElo "1822"]
[BlackElo "1660"]
[PlyCount "129"]
[EventDate "2016.09.01"]
[EventType "swiss"]
[EventRounds "7"]
[EventCountry "GER"]
[SourceTitle "EXT 2018"]
[Source "ChessBase"]
[SourceDate "2017.10.13"]
[SourceVersion "1"]
[SourceVersionDate "2017.10.13"]
[SourceQuality "1"]

1. c4 c5 2. Nc3 e6 3. g3 d6 4. Bg2 Nd7 5. e3 Ngf6 6. Nge2 Rb8 7. 0-0 Be7 8. Rb1 a6 9. a3 0-0 10. d4 cxd4 11. exd4 b6 12. b3 Bb7 13. Bb2 Bxg2 14. Kxg2 Qc8 15. Nf4 Rd8 16. Qe2 e5 17. Nfd5 Nxd5 18. Nxd5 Bf8 19. Kg1 Re8 20. Qg4 Re6 21. Rbe1 Rg6 22. Qe4 Nf6 23. Nxf6+ Rxf6 24. dxe5 Rg6 25. f4 Qg4 26. f5 Qxe4 27. Rxe4 Rh6 28. Bc1 Rh5 29. Kg2 dxe5 30. g4 Rh4 31. Bg5 Rh6 32. Bxh6 gxh6 33. Rd1 f6 34. a4 Bc5 35. Rd5 Bd4 36. Kg3 Kg7 37. Kh4 Rb7 38. Kh5 Rf7 39. h4 Bf2 40. Re2 Bd4 41. Rd2 Rb7 42. Rd3 Rf7 43. a5 bxa5 44. Rxa5 Ra7 45. b4 Bb6 46. Ra4 Bd4 47. g5 hxg5 48. hxg5 fxg5 49. Kxg5 h6+ 50. Kg4 Kf6 51. Rh3 Be3 52. Rxe3 Rg7+ 53. Kf3 Kxf5 54. Rxa6 Rf7 55. Rxh6 Kg5+ 56. Ke4 Kxh6 57. Kxe5 Kg7 58. Kd5 Rf1 59. b5 Kf7 60. b6 Rb1 61. Kc6 Rb4 62. c5 Kf6 63. Kc7 Kf5 64. b7 Kf4 65. Re1 1-0

[Event "Goch op 26th"]
[Site "Goch"]
[Date "2015.09.06"]
[Round "7"]
[White "Sarcevic, Ivo"]
[Black "Vovchik, Vladimir"]
[Result "1-0"]
[WhiteElo "1657"]
[BlackElo "1849"]
[PlyCount "121"]
[EventDate "2015.09.03"]
[EventType "swiss"]
[EventRounds "7"]
[EventCountry "GER"]
[SourceTitle "EXT 2018"]
[Source "ChessBase"]
[SourceDate "2017.10.13"]
[SourceVersion "1"]
[SourceVersionDate "2017.10.13"]
[SourceQuality "1"]

1. c4 Nf6 2. d3 g6 3. b3 Bg7 4. Bb2 d6 5. g3 Nbd7 6. Bg2 0-0 7. Nf3 e5 8. 0-0 Re8 9. Nbd2 Nc5 10. b4 Ne6 11. Rb1 a6 12. a4 c6 13. Re1 h5 14. e4 g5 15. Ba1 Ng4 16. h3 Nf6 17. Nh2 Kh7 18. Ndf1 Bh6 19. Bf3 Ng7 20. g4 h4 21. Ne3 Ne6 22. Nf5 Nf4 23. Bg2 Nxg2 24. Kxg2 Bxf5 25. exf5 Nd7 26. Rb2 f6 27. Rbe2 b5 28. a5 c5 29. Bc3 Nb8 30. Nf1 cxb4 31. Bxb4 Nc6 32. Qd2 Bf8 33. cxb5 axb5 34. Re3 Nxb4 35. Qxb4 Qxa5 36. Qxa5 Rxa5 37. R3e2 b4 38. Ne3 d5 39. Rb1 Rb5 40. Reb2 Reb8 41. Rb3 Kg7 42. Nc2 Bc5 43. Kf3 Kf7 44. Ke2 Ke8 45. f3 Kd7 46. Ne3 Kd6 47. Nc2 Kc6 48. d4 exd4 49. Kd3 Kd6 50. Nxd4 Bxd4 51. Kxd4 R5b6 52. Re1 Kd7 53. Kxd5 Rd6+ 54. Kc4 Rc6+ 55. Kd3 Rb5 56. Re4 Rd6+ 57. Rd4 Rxd4+ 58. Kxd4 Kd6 59. Kc4 Rb7 60. Rxb4 Rxb4+ 61. Kxb4 1-0

[Event "Goch op 26th"]
[Site "Goch"]
[Date "2015.09.05"]
[Round "5"]
[White "Sarcevic, Ivo"]
[Black "Ydo, Pim"]
[Result "0-1"]
[WhiteElo "1657"]
[BlackElo "2011"]
[PlyCount "104"]
[EventDate "2015.09.03"]
[EventType "swiss"]
[EventRounds "7"]
[EventCountry "GER"]
[SourceTitle "EXT 2018"]
[Source "ChessBase"]
[SourceDate "2017.10.13"]
[SourceVersion "1"]
[SourceVersionDate "2017.10.13"]
[SourceQuality "1"]

1. c4 f5 2. d3 Nf6 3. e3 e5 4. Nd2 Nc6 5. a3 a5 6. Be2 d6 7. Ngf3 Be7 8. 0-0 0-0 9. b3 Kh8 10. Bb2 Bd7 11. Rb1 Be8 12. Re1 Nd7 13. e4 Bg6 14. exf5 Bxf5 15. Nf1 Bg6 16. Ng3 Nc5 17. Ba1 Ne6 18. Rc1 Qd7 19. Rc3 Rae8 20. Kh1 Ned4 21. Rc1 Nxe2 22. Qxe2 Bf6 23. Kg1 Nd4 24. Bxd4 exd4 25. Qd2 b6 26. Rxe8 Rxe8 27. Kf1 c5 28. Re1 Kg8 29. Rxe8+ Qxe8 30. a4 h6 31. Kg1 Qe6 32. h3 Kf7 33. Kf1 d5 34. Kg1 Kg8 35. Kf1 Kf7 36. Kg1 Qd7 37. Kf1 dxc4 38. bxc4 Qxa4 39. Kg1 Qb3 40. Ne1 a4 41. Qf4 Qb1 42. Qd2 a3 43. Kh2 a2 44. Nc2 Be5 45. h4 Qxc2 46. Qxc2 a1Q 47. Qe2 Bxg3+ 48. Kxg3 Qb1 49. Qe5 Qxd3+ 50. f3 h5 51. Kf2 Qc2+ 52. Qe2 d3 0-1

[Event "Rheinhausen-ch 19th"]
[Site "Duisburg Rheinhausen"]
[Date "2015.02.18"]
[Round "4"]
[White "Klees, Robert"]
[Black "Sarcevic, Ivo"]
[Result "1-0"]
[WhiteElo "1197"]
[BlackElo "1350"]
[PlyCount "48"]
[EventDate "2015.01.09"]
[EventType "swiss"]
[EventRounds "7"]
[EventCountry "GER"]
[SourceTitle "EXT 2018"]
[Source "ChessBase"]
[SourceDate "2017.10.13"]
[SourceVersion "1"]
[SourceVersionDate "2017.10.13"]
[SourceQuality "1"]

1. e4 c5 2. d4 cxd4 3. c3 Qc7 4. cxd4 e6 5. Nc3 a6 6. Nf3 d6 7. Be3 Nd7 8. Rc1 Qd8 9. Bc4 Be7 10. 0-0 Ngf6 11. e5 dxe5 12. dxe5 Ng4 13. Bf4 g5 14. Bg3 Nh6 15. Qd2 0-0 16. Ne4 Kh8 17. Nfxg5 Rg8 18. Bf4 Qf8 19. Nxe6 fxe6 20. Bxh6 Qf5 21. Bd3 Nxe5 22. Nd6 Nf3+ 23. Kh1 Nxd2 24. Bxf5 exf5 1-0

[Event "Rheinhausen-ch 19th"]
[Site "Duisburg Rheinhausen"]
[Date "2015.02.05"]
[Round "3"]
[White "Sarcevic, Ivo"]
[Black "Doehring, Joachim"]
[Result "0-1"]
[WhiteElo "1350"]
[BlackElo "1233"]
[PlyCount "94"]
[EventDate "2015.01.09"]
[EventType "swiss"]
[EventRounds "7"]
[EventCountry "GER"]
[SourceTitle "EXT 2018"]
[Source "ChessBase"]
[SourceDate "2017.10.13"]
[SourceVersion "1"]
[SourceVersionDate "2017.10.13"]
[SourceQuality "1"]

1. c4 e5 2. d3 Nf6 3. Nd2 Nc6 4. e3 a6 5. a3 Bc5 6. Ngf3 d6 7. Be2 0-0 8. 0-0 Re8 9. Qc2 h6 10. Rb1 b5 11. b4 Ba7 12. cxb5 Ne7 13. bxa6 Bxa6 14. b5 Bb7 15. a4 c6 16. Bb2 cxb5 17. axb5 Rc8 18. Qa4 Ra8 19. Qd1 Ned5 20. d4 e4 21. Ne1 Nb6 22. Nc4 Nxc4 23. Bxc4 d5 24. Be2 Bb8 25. Ra1 Qd6 26. g3 Rxa1 27. Bxa1 Bc8 28. Ng2 Bh3 29. Re1 g5 30. Bc3 Bc7 31. f4 exf3 32. Bxf3 Rb8 33. Qe2 Ra8 34. Ra1 Rxa1+ 35. Bxa1 Qa3 36. Qb2 Qd6 37. Ne1 Qe7 38. Nc2 g4 39. Bg2 Bxg2 40. Kxg2 Qe4+ 41. Kg1 Bb6 42. Qc3 Qf3 43. Ne1 Qe2 44. Nc2 Ne4 45. Qc8+ Kg7 46. Bc3 Qf2+ 47. Kh1 Qf1# 0-1

[Event "Rheinhausen-ch 14th"]
[Site "Duisburg Rheinhausen"]
[Date "2010.01.08"]
[Round "1"]
[White "Sarcevic, Ivo"]
[Black "Kirchner, Stefan1111"]
[Result "0-1"]
[WhiteElo "1337"]
[BlackElo "1800"]
[PlyCount "64"]
[EventDate "2010.01.08"]
[EventType "swiss"]
[EventRounds "7"]
[EventCountry "GER"]
[SourceTitle "EXT 2018"]
[Source "ChessBase"]
[SourceDate "2017.10.13"]
[SourceVersion "1"]
[SourceVersionDate "2017.10.13"]
[SourceQuality "1"]

1. d4 Nf6 2. c4 e6 3. Bg5 d5 4. e3 c6 5. Nf3 Be7 6. Bxf6 Bxf6 7. c5 Nd7 8. Be2 e5 9. 0-0 0-0 10. Nc3 Re8 11. a4 a5 12. Re1 Rb8 13. Qb1 b6 14. b4 axb4 15. Qxb4 bxc5 16. Qa3 cxd4 17. exd4 exd4 18. Nd1 d3 19. Bxd3 Rxe1+ 20. Nxe1 Bxa1 21. Qxa1 Nc5 22. Bc2 Ba6 23. Qc3 Qd6 24. h3 Ne6 25. Nf3 d4 26. Qa1 c5 27. Nh4 Qe5 28. Nb2 d3 29. Bxd3 Bxd3 30. Qd1 Be2 31. Nf3 Bxd1 32. Nxe5 Rxb2 0-1